APPLIED MINE SURVEYING (Record no. 8172)

MARC details
000 -LEADER
fixed length control field 00393nam a22001577a 4500
005 - DATE AND TIME OF LATEST TRANSACTION
control field 20230110094602.0
008 - FIXED-LENGTH DATA ELEMENTS--GENERAL INFORMATION
fixed length control field 221220b |||||||| |||| 00| 0 eng d
041 ## - LANGUAGE CODE
Language code of text/sound track or separate title eng
082 ## - DEWEY DECIMAL CLASSIFICATION NUMBER
Classification number 622.14-BHA-
100 ## - MAIN ENTRY--AUTHOR NAME
Personal name BHASKER ,GOLLA UDAY
245 ## - TITLE STATEMENT
Title APPLIED MINE SURVEYING
260 ## - PUBLICATION, DISTRIBUTION, ETC. (IMPRINT)
Place of publication HYDERABAD
Name of publisher PLANET PUBLISHING HOUSE
Year of publication 2020
300 ## - PHYSICAL DESCRIPTION
Number of Pages 6.14;P.
650 ## - SUBJECT ADDED ENTRY--TOPICAL TERM
Topical Term MINING
942 ## - ADDED ENTRY ELEMENTS (KOHA)
Koha item type Books
Holdings
Lost status Damaged status Collection code Home library Current library Shelving location Date acquired Source of acquisition Cost, normal purchase price Full call number Accession Number Koha item type
    Reference JRU Library   SHELF-88-A 19/11/2022 LOHIA BOOK INTERNATIONAL 110.00 622.14-BHA- 27238 Books
    MINING JRU Library JRU Library SHELF-88-A 09/11/2022 LOHIA BOOK INTERNATIONAL 110.00 622.14-BHA- 27239 Books
    MINING JRU Library JRU Library SHELF-88-A 09/11/2022 LOHIA BOOK INTERNATIONAL 110.00 622.14-BHA- 27240 Books
    MINING JRU Library JRU Library SHELF-88-A 09/11/2022 LOHIA BOOK INTERNATIONAL 110.00 622.14-BHA- 27241 Books
    MINING JRU Library JRU Library SHELF-88-A 09/11/2022 LOHIA BOOK INTERNATIONAL 110.00 622.14-BHA- 27242 Books